01371nam a2200361Ia 4500001000700000003000500007008004100012010001100053020005800064040000900122082001700131100003700148245023400185260004600419300001100465440002900476503003400505504005100539650004700590650004700637650003900684650004400723650003200767700004400799700004600843700005600889901001700945902000600962910000900968942000600977942000700983999001900990Z_6458CHAP220113s2009 xx 000 0 und d a169723 a978-958-8203-06-5 \ 978-958-96086-7-8 (obra completa) cCHAP a636.5085 D871 aDurán Ramírez, Felipe934702 aManejo y nutrición en aves de corral: construcciones, equipo, manejo, nutrición /cFelipe Durán Ramírez, diseño editorial Jaime Durán Naranjo, fotografía Felipe Durán Ramírez, Eduardo Durán Naranjo...[et al] aColombia :bGrupo Latino Editores,c2009 a320 p. a(Granja Integral)950385 aej.1: consumo \ ej.2: consumo aBibliografía: p. 319 - 320, incluye índice aAves de corral xx Alimentación9144845 aAves de corral xx Construcciones9144846 aAves de corral xx Equipo9144847 aAves de corral xx Nutrición9142925 aAviculturaxCrianza9131092 a Durán Naranjo, Eduardo, fot.9142206 a Durán Ramírez, Felipe, fot. 9144848 aDurán Naranjo, Jaime, diseño editorial 9144849 a636.5085 D87 aM a2009 c1 cc1 c169723d169723